LEADER 00990nam a2200265 i 4500 001 991002075169707536 005 20020507155826.0 008 000411s1997 it ||| | ita 020 $a8834871537 035 $ab11605133-39ule_inst 035 $aLE02730031$9ExL 040 $aDip.to Studi Giuridici$bita 082 0 $a342.33085 084 $aC-XIII/B 100 1 $aPiattelli, Daniela$0234703 245 10$aLibertà individuali e sistemi giuridici :$bprofili storico-giuridici :$bmondo antico ed Israele /$cDaniela Piattelli 260 $aTorino :$bG. Giappichelli,$c[1997] 300 $a259 p. ;$c24 cm. 650 4$aLibertà personale$xDiritto ebraico 907 $a.b11605133$b02-04-14$c02-07-02 912 $a991002075169707536 945 $aLE027 C-XIII/B 65$g1$iLE027-3043$lle027$o-$pE0.00$q-$rl$s- $t0$u0$v0$w0$x0$y.i11818566$z02-07-02 996 $aLibertà individuali e sistemi giuridici$9690613 997 $aUNISALENTO 998 $ale027$b01-01-00$cm$da $e-$fita$git $h0$i1 LEADER 00978nam0 22002651i 450 001 UON00100188 005 20231205102549.456 100 $a20020107d1980 |0itac50 ba 101 $aita 102 $aIT 105 $a|||| ||||| 200 1 $aCrustumerium$fLorenzo Quilici e stefania Quilici Gigli 210 $aRoma$cConsiglio Nazionale delle Ricerche$d1980 215 $a325 p., 123 tav.$d cm 410 1$1001UON00087574$12001 $aLatium vetus$v3 620 $aIT$dRoma$3UONL000004 700 1$aQUILICI GIGLI$bStefania$3UONV061123$0162935 701 1$aQUILICI$bLorenzo$3UONV058378$039955 712 $aCNR$3UONV248192$4650 801 $aIT$bSOL$c20240220$gRICA 899 $aSIBA - SISTEMA BIBLIOTECARIO DI ATENEO$2UONSI 912 $aUON00100188 950 $aSIBA - SISTEMA BIBLIOTECARIO DI ATENEO$dSI N 2 CRUST. 001 $eSI MC 7345 5 996 $aCrustumerium$91310252 997 $aUNIOR